000 00649cam a2200241 4500
008 000000n2001 000 0 eng u
020 _a0860175529
035 _a(Sirsi) u110986
050 _a333.73
100 _aRudland, D.J.
245 _aContaminated land risk assessment a guide to good practice.
260 _aLondon
_bCIRIA
_c2001
300 _a157p. ; 30cm.
490 _aCIRIA
_v552
650 _aCONTAMINATED LAND
650 _aRISK ASSESSMENT
650 _aEnvironment
_96238
650 _aContamination
_96231
690 _aENVIRONMENT-CONTAMINATION
700 _aLancefield, R.M.
700 _aMayell, P.N.
942 _n0
999 _c101172
_d101172